000 00549nam a2200193Ia 4500
003 GCL
008 140319s9999 xx 000 0 eng d
040 _aGCL /
_cGCL
082 0 4 _a746.44
_bP E
100 1 _aPAINE, SHIELA
245 1 0 _aEMBROIDERED TEXTILES: TRADITIONAL PATTERNS FROM FIVE CONTINENTS: WITH A WORLD WIDE GUIDE TO IDENTIFICATION /
_cPAINE, SHIELA
260 _a[S.N] :
_bTHAMES AND HUDSON ،
_c1995
300 _a192 P
650 0 4 _aTEXTILE
650 0 4 _aARTS
650 0 4 _aEMBROIDERY
650 0 4 _aHANDWORKS
942 _2ddc
_cBK
999 _c14114
_d14114